[Event "SVK-chT3B2 1819"]
[Site "Slovakia"]
[Date "2018.11.25"]
[Round "3.6"]
[White "Kokolus, Andrej"]
[Black "Solovic, Vladislav"]
[Result "1/2-1/2"]
[WhiteElo "1619"]
[BlackElo "1698"]
[PlyCount "46"]
[EventDate "2018.10.21"]
[EventType "team-tourn"]
[EventRounds "11"]
[EventCountry "SVK"]
[SourceTitle "CBM 189 Extra"]
[Source "ChessBase"]
[SourceDate "2019.06.03"]
[SourceVersion "1"]
[SourceVersionDate "2019.06.03"]
[SourceQuality "1"]
[WhiteTeam "Trencin "]
[BlackTeam "Dubnica nad Vahom  III"]
[WhiteTeamCountry "SVK"]
[BlackTeamCountry "SVK"]

1. e4 e5 2. Nf3 d6 3. Nc3 Nf6 4. d3 Be7 5. h3 Nc6 6. Be2 0-0 7. 0-0 d5 8. Bg5 d4 9. Bxf6 dxc3 10. Bxe7 Qxe7 11. bxc3 Qf6 12. d4 Qg6 13. Kh1 Qxe4 14. dxe5 Nxe5 15. Nxe5 Qxe5 16. Qd3 Bf5 17. Qf3 Be4 18. Qe3 Qd5 19. Bf3 Rfe8 20. Rfe1 f5 21. Red1 Qc6 22. Qf4 Qxc3 23. Bxe4 fxe4 1/2-1/2

[Event "SVK-chT3B2 1718"]
[Site "Slovakia"]
[Date "2017.12.17"]
[Round "6.6"]
[White "Cesnek, Peter"]
[Black "Kokolus, Andrej"]
[Result "1-0"]
[WhiteElo "1674"]
[BlackElo "1000"]
[PlyCount "65"]
[EventDate "2017.10.08"]
[EventType "team-tourn"]
[EventRounds "11"]
[EventCountry "SVK"]
[SourceTitle "EXT 2019"]
[Source "ChessBase"]
[SourceDate "2018.10.10"]
[SourceVersion "1"]
[SourceVersionDate "2018.10.10"]
[SourceQuality "1"]
[WhiteTeam "Povazska Bystrica Sparta II"]
[BlackTeam "Trencin II"]
[WhiteTeamCountry "SVK"]
[BlackTeamCountry "SVK"]

1. e4 e5 2. Bc4 Nf6 3. d3 Bc5 4. Nc3 0-0 5. Nf3 d6 6. Bg5 Bg4 7. Nd5 Nbd7 8. h3 Bh5 9. g4 Bg6 10. Nh4 Kh8 11. Qf3 c6 12. Nxf6 Nxf6 13. Bxf6 Qxf6 14. Qxf6 gxf6 15. Rf1 h5 16. Kd2 Rad8 17. f4 hxg4 18. hxg4 d5 19. exd5 cxd5 20. Bb3 Rfe8 21. Rh1 Kg7 22. f5 Bh7 23. c3 e4 24. d4 Bb6 25. Ke3 Bc7 26. Rag1 Rd6 27. Ng2 Kh8 28. Rh6 Rg8 29. Rgh1 Rg7 30. Nf4 Kg8 31. Nxd5 Bb8 32. Nxf6+ Kh8 33. Rxh7+ 1-0

[Event "SVK-chT3B2 1718"]
[Site "Slovakia"]
[Date "2017.10.22"]
[Round "2.8"]
[White "Kostelansky, Karol"]
[Black "Kokolus, Andrej"]
[Result "1-0"]
[WhiteElo "1357"]
[BlackElo "1000"]
[PlyCount "95"]
[EventDate "2017.10.08"]
[EventType "team-tourn"]
[EventRounds "11"]
[EventCountry "SVK"]
[SourceTitle "EXT 2019"]
[Source "ChessBase"]
[SourceDate "2018.10.10"]
[SourceVersion "1"]
[SourceVersionDate "2018.10.10"]
[SourceQuality "1"]
[WhiteTeam "Povazske Podhradie II"]
[BlackTeam "Trencin II"]
[WhiteTeamCountry "SVK"]
[BlackTeamCountry "SVK"]

1. e4 e5 2. Nf3 d5 3. exd5 e4 4. Qe2 Qe7 5. Nd4 Nf6 6. Nc3 Bd7 7. d3 exd3 8. Qxe7+ Bxe7 9. Bxd3 c6 10. dxc6 Nxc6 11. Be3 0-0 12. 0-0 Rad8 13. Nxc6 Bxc6 14. Bxa7 Nd5 15. Nxd5 Rxd5 16. Rfe1 Bf6 17. Be4 Rb5 18. Rab1 Bxe4 19. Rxe4 Rxb2 20. Rxb2 Bxb2 21. Rb4 Rd8 22. g3 Rd1+ 23. Kg2 Ba3 24. Rxb7 g6 25. Rb3 Bd6 26. Rd3 Rxd3 27. cxd3 f5 28. Kf3 Kf7 29. Ke3 Ke6 30. Kd4 h5 31. f4 h4 32. Bc5 hxg3 33. hxg3 Bc7 34. Kc4 g5 35. Be3 gxf4 36. Bxf4 Ba5 37. Kc5 Bc3 38. d4 Bb2 39. a4 Bc3 40. d5+ Kd7 41. Kb5 Bd4 42. Kc4 Bb6 43. Be5 Ba7 44. a5 Kc8 45. Kb5 Kb7 46. a6+ Kc8 47. Kc6 Kd8 48. d6 1-0